000 00201 a2200097 4500
001 4105
100 _aReinties,J.F
245 _aPrinciples of radar
260 _a
_bMcgrawhill
_c
090 _c3323
_d3323
942 _aNUST-CAE
_cM
_c25814
999 _c239178
_d239178